LEADER 01714nam a2200349 i 4500 001 991001855809707536 008 121016s2011 riua b 100 0 eng d 020 $a9780821853016 035 $ab1408157x-39ule_inst 040 $aDip.to Matematica e Fisica$beng 082 00$a616.075701515357$223 084 $aAMS 35-XX 084 $aAMS 35R30 084 $aAMS 45Q05 084 $aAMS 65M32 084 $aLC RC78.7.T6I576 111 2 $aInternational Workshop on Mathematical Methods in Emerging Modalities of Medical Imaging$d<2009 :$cBanff, Alta.>$0477637 245 10$aTomography and inverse transport theory :$bInternational Workshop on Mathematical Methods in Emerging Modalities of Medical Imaging, October 25-30, 2009, Banff, Canada : International Workshop on Inverse Transport Theory and Tomography, May 16-21, 2010, Banff, Canada /$cGuillaume Bal ... [et al.], editors 260 $aProvidence, R.I. :$bAmerican Mathematical Society,$cc2011 300 $axii, 180 p. :$bill. (some col.) ;$c26 cm 440 0$aContemporary mathematics,$x0271-4132 ;$v559 504 $aIncludes bibliographical references 650 0$aGeometric tomography$vCongresses 650 0$aInverse problems (Differential equations)$vCongresses 650 0$aTransport theory$vCongresses 700 1 $aBal, Guillaume$eauthor$4http://id.loc.gov/vocabulary/relators/aut$0732216 907 $a.b1408157x$b13-11-12$c16-10-12 912 $a991001855809707536 945 $aLE013 35-XX BAL11 (2011)$g1$i2013000217260$lle013$op$pE68.00$q-$rl$s- $t0$u0$v0$w0$x0$y.i15455932$z12-11-12 996 $aTomography and inverse transport theory$91442588 997 $aUNISALENTO 998 $ale013$b16-10-12$cm$da $e-$feng$griu$h0$i0 LEADER 01516nam0 22003611i 450 001 UON00499844 005 20231205105409.690 010 $a978-27-00-70429-7 100 $a20191107f2012 |0itac50 ba 101 $afre 102 $aFR 105 $a|||| 1|||| 200 1 $aJe et tu$fMartin Buber$gnouvelle présentation de Robert Misrahi$gavant-propos de Gabriel Marcel$gpréface de Gaston Bachelard 205 $a[Éd. revue et augmentée] 210 $a[Paris]$cAubier$dc2012 215 $a154 p.$d22 cm 410 1$1001UON00503901$12001 $aAubier Philosophie$1210 $a[Paris]$cAubier 500 1$3UON00503900$aIch und Du$91760062 606 $aPERSONA (Filosofia)$3UONC049906$2FI 620 $aFR$dParis$3UONL002984 676 $a128$cGenere umano$v21 700 1$aBUBER$bMartin$3UONV020764$070857 702 1$aBACHELARD$bGaston$3UONV103162 702 1$aMARCEL$bGabriel$3UONV142075 702 1$aMISRAHI$bRobert$3UONV028920 712 $aAubier$3UONV258174$4650 801 $aIT$bSOL$c20240220$gRICA 899 $aSIBA - SISTEMA BIBLIOTECARIO DI ATENEO$2UONSI 912 $aUON00499844 950 $aSIBA - SISTEMA BIBLIOTECARIO DI ATENEO$dSI Francese VIII B 252 $eSI 35345 5 252 951 $aSIBA - SISTEMA BIBLIOTECARIO DI ATENEO$bSI20191520 1J 20191107 996 $aIch und Du$91760062 997 $aUNIOR